| 000 | 00932nam a2200301 a 4500 | ||
|---|---|---|---|
| 001 | 000109776 | ||
| 003 | CHAP | ||
| 005 | 20220329144103.0 | ||
| 008 | 140527s2012 mx |rm |0|||||spa d | ||
| 010 | _a106238 | ||
| 011 | _a107210 | ||
| 040 | _cCHAP | ||
| 090 | _aTesis | ||
| 100 | 0 | 0 |
_aServín Juárez, Roselia. _9105346 |
| 245 | 1 | 0 |
_aEssays on Microfinance in Latin America / _cpor Roselia Servín Juárez. |
| 260 |
_aWageningen, NL : _bEl autor, _c2012. |
||
| 300 |
_a210 p. : _bil., gráfs., tablas. |
||
| 502 | _aTesis (Ph. D. en Ciencias) -- Wageningen University | ||
| 590 |
_aE6096MTM _b05 _c20140527 _lUCH01 _h1411 |
||
| 650 | 1 | 4 |
_aAhorro e inversión. _93105 |
| 650 | 1 | 4 |
_aAmérica Latina _xAspectos económicos _95385 |
| 650 | 1 | 4 |
_aFinanzas _xAmérica Latina. _940931 |
| 650 | 1 | 4 |
_aFinanzas _xMéxico. _940943 |
| 650 | 1 | 4 |
_aMéxico _xAspectos económicos. _976643 |
| 901 | _aBK | ||
| 942 | _cTESIS | ||
| 942 | _n0 | ||
| 999 |
_c106238 _d106238 |
||